000 00361nam a22001457a 4500
003 MACL
005 20190806154055.0
008 190806b xxu||||| |||| 00| 0 eng d
040 _c MACL
100 _aHock, Hans Henrich
_976113
245 _aVeda and Vedic Literature
260 _aNew Delhi
_bD K Pub
_c2016
650 _aReligion
_976114
942 _2ddc
_cBK
999 _c60652
_d60652